01060 2200337 4500001002100000005001500021035002000036007000300056040001700059100003700076245015400113250001100267300003700278020002200315041000800337082000800345084001400353090001800367264003500385336002100420337003000441338002300471650001600494700006900510850001000579008004100589990002000630990002500650990002200675990002500697INLIS00000000001000420260410084232 a0010-0123000331ta aSBPUPADbind0 aArlinah Imam RahardjoePengarang1 aSeri Anak-Anak Damai :bSeparuh Apelku - Half Apple of Mine /cPengarang; Arlinah Imam Rahardjo, Editor; Risa Ambarizky, Ilustrator; Melissa Goentoro aCet.10 avi, 90 hlm :bilus ;c19 x 23 cm a978-979-29-2162-50 aind a398 a398 ARL s b398 ARL s 5-4 aYogyakarta ; :bRainbow,c2014 2rdacontentaTeks 2rdamediaatanpa perantara 2rdacarrieravolume 4aCerita anak0 aEditor; Risa Ambarizky, Ilustrator; Melissa GoentoroeIlustrator aPUPAD260410 1  a27.911/P/BPK/18 a31.278/APBD/DPK/2019 a27.909/P/DPK/2018 a31.277/APBD/DPK/2019